| 000 | 00609nam a2200169Ia 4500 | ||
|---|---|---|---|
| 008 | 090201s9999 xx 000 0 und d | ||
| 010 | _aKPL-28508 | ||
| 040 | _bमराठी | ||
| 041 | _aमराठी | ||
| 082 |
_a29964 _b28508 |
||
| 100 | _aसरोजिनी शारंगपाणी | ||
| 245 |
_aस्त्री मुक्ति संग्राम _cसरोजिनी शारंगपाणी |
||
| 260 |
_c2004 _bस शारंगपाणी |
||
| 300 |
_a302 _bमोठा |
||
| 600 | _aस्त्री मुक्ति संग्राम | ||
| 942 | _cBOOK | ||
| 999 |
_c228523 _d228523 |
||